[Event "Gornozavodsk Europe-Asia op"]
[Site "Gornozavodsk"]
[Date "2009.11.12"]
[Round "?"]
[White "Ganiev, Takhir"]
[Black "Inkin, Viktor"]
[Result "1/2-1/2"]
[WhiteElo "1960"]
[BlackElo "2130"]
[PlyCount "110"]
[EventDate "2009.11.07"]
[EventType "swiss"]
[EventRounds "11"]
[EventCountry "RUS"]
[SourceTitle "EXT 2012"]
[Source "ChessBase"]
[SourceDate "2011.11.24"]
[SourceVersion "1"]
[SourceVersionDate "2011.11.24"]
[SourceQuality "1"]

1. e4 e6 2. d4 d5 3. Nd2 c5 4. exd5 exd5 5. Ngf3 a6 6. dxc5 Bxc5 7. Nb3 Bb6 8. Bd3 Ne7 9. 0-0 Bg4 10. c3 h6 11. Re1 0-0 12. Be3 Nbc6 13. h3 Bh5 14. Bxb6 Qxb6 15. Be2 a5 16. Nfd4 Bxe2 17. Rxe2 a4 18. Nxc6 Nxc6 19. Nc1 d4 20. c4 Qc5 21. Rc2 Nb4 22. Nd3 Nxd3 23. Qxd3 Rac8 24. Re1 b5 25. b3 axb3 26. axb3 Qb4 27. Rec1 bxc4 28. Rxc4 Rxc4 29. Qxc4 Rb8 30. Rd1 Qxb3 31. Rxd4 Qb1+ 32. Kh2 Qf5 33. Rf4 Qe5 34. Qxf7+ Kh8 35. g3 Re8 36. h4 Qe6 37. Qh5 Kh7 38. Qf3 Qg6 39. h5 Qe6 40. Rf7 Qe4 41. Qf5+ Qxf5 42. Rxf5 Re2 43. g4 Ra2 44. Kg3 Ra4 45. Rf8 Rb4 46. f3 Ra4 47. Rf4 Ra5 48. Re4 Ra3 49. Kf4 Rb3 50. Re3 Rb4+ 51. Kf5 Rb6 52. Re4 Rb5+ 53. Re5 Rb6 54. f4 Rf6+ 55. Ke4 Ra6 1/2-1/2

[Event "Ekaterinburg UrFO-ch"]
[Site "Ekaterinburg"]
[Date "2008.03.21"]
[Round "7"]
[White "Ganiev, Takhir"]
[Black "Artamonov, Valery"]
[Result "0-1"]
[WhiteElo "1967"]
[BlackElo "2295"]
[PlyCount "86"]
[EventDate "2008.03.15"]
[EventType "swiss"]
[EventRounds "9"]
[EventCountry "RUS"]
[SourceTitle "EXT 2009"]
[Source "ChessBase"]
[SourceDate "2008.11.26"]
[SourceVersion "1"]
[SourceVersionDate "2008.11.26"]
[SourceQuality "1"]

1. e4 c5 2. f4 Nc6 3. Nf3 g6 4. Bc4 Bg7 5. Nc3 e6 6. e5 d5 7. exd6 Nf6 8. d3 Qxd6 9. 0-0 a6 10. Ne4 Qe7 11. Ne5 Nxe5 12. fxe5 Nxe4 13. dxe4 b5 14. Be2 Bxe5 15. Qe1 Bb7 16. c3 0-0 17. Bf3 Rfe8 18. Be3 Rac8 19. Qf2 a5 20. Rad1 a4 21. Rd2 a3 22. Rfd1 axb2 23. Rxb2 Qc7 24. Rxb5 Bxh2+ 25. Kh1 Bg3 26. Qb2 Rb8 27. Rxc5 Qe7 28. Qc2 Qh4+ 29. Kg1 Ba6 30. c4 Rbc8 31. Qa4 Ra8 32. Kf1 Reb8 33. Qc2 Rc8 34. Bg5 Qh2 35. Rxc8+ Rxc8 36. Rd8+ Rxd8 37. Bxd8 Qh1+ 38. Ke2 Qe1+ 39. Kd3 Bf4 40. Qe2 Qb1+ 41. Kd4 Qb8 42. Be7 Qe5+ 43. Kd3 Qc7 0-1

[Event "Ekaterinburg UrFO-ch"]
[Site "Ekaterinburg"]
[Date "2008.03.20"]
[Round "6"]
[White "Menshikov, Alexander"]
[Black "Ganiev, Takhir"]
[Result "0-1"]
[WhiteElo "2171"]
[BlackElo "1967"]
[PlyCount "76"]
[EventDate "2008.03.15"]
[EventType "swiss"]
[EventRounds "9"]
[EventCountry "RUS"]
[SourceTitle "EXT 2009"]
[Source "ChessBase"]
[SourceDate "2008.11.26"]
[SourceVersion "1"]
[SourceVersionDate "2008.11.26"]
[SourceQuality "1"]

1. e4 e5 2. Nf3 Qe7 3. Bc4 c6 4. 0-0 h6 5. Re1 d6 6. h3 g5 7. d4 g4 8. hxg4 Bxg4 9. Be3 Nd7 10. c3 Ngf6 11. Nbd2 h5 12. Qb3 Nb6 13. Bf1 Be6 14. c4 Qc7 15. Qc3 Ng4 16. d5 Bd7 17. b4 cxd5 18. Bxb6 Qxb6 19. c5 dxc5 20. exd5 cxb4 21. Rxe5+ Kd8 22. Re8+ Bxe8 23. Qxh8 Bc5 24. Ne4 Bxf2+ 25. Kh1 Be3 26. d6 Qc6 27. d7 Qxd7 28. Nf6 Qa4 29. Nxe8 Qxe8 30. Qxh5 Nf2+ 31. Kh2 Rc8 32. Bb5 Qe4 33. Qxf7 Qf4+ 34. Qxf4 Bxf4+ 35. g3 Bd6 36. Rf1 Ng4+ 37. Kh3 Nh6 38. Ng5 Kc7 0-1

[Event "Gornozavodsk op"]
[Site "Gornozavodsk"]
[Date "2007.11.??"]
[Round "9"]
[White "Chazov, Alexander"]
[Black "Ganiev, Takhir"]
[Result "1-0"]
[WhiteElo "2144"]
[BlackElo "1981"]
[PlyCount "92"]
[EventDate "2007.11.??"]
[EventType "swiss"]
[EventRounds "11"]
[EventCountry "RUS"]
[SourceTitle "CBM 121 Extra"]
[Source "ChessBase"]
[SourceDate "2008.01.10"]
[SourceVersion "1"]
[SourceVersionDate "2008.01.10"]
[SourceQuality "1"]

1. d4 e6 2. c4 d5 3. Nc3 f5 4. cxd5 exd5 5. g3 Nf6 6. Bg5 c6 7. Bxf6 Qxf6 8. e3 Bd6 9. Bg2 0-0 10. Nge2 Nd7 11. 0-0 Qh6 12. a3 Nf6 13. b4 g5 14. f3 Bd7 15. Qd2 Rad8 16. Nd1 Kh8 17. Nf2 Rf7 18. Rae1 Re7 19. Nc1 b6 20. Ncd3 Bc8 21. Qc1 Rc7 22. Rd1 Ba6 23. Rfe1 Qg7 24. f4 h5 25. Ne5 Rg8 26. fxg5 Qxg5 27. Nh3 Qg7 28. Nf4 Re8 29. Nfg6+ Kh7 30. Qc2 Bc8 31. Bh3 Ne4 32. Rf1 Bxe5 33. Nxe5 Rf8 34. Qe2 Qg5 35. Rf4 c5 36. Rh4 Kh6 37. Rf1 Be6 38. Nf3 Qg6 39. Rf4 Ng5 40. Nxg5 Qxg5 41. bxc5 bxc5 42. dxc5 Rxc5 43. Qa6 Rf6 44. Qxa7 Rc2 45. Qd4 Ra2 46. a4 Rg6 1-0

[Event "Gornozavodsk op"]
[Site "Gornozavodsk"]
[Date "2007.11.??"]
[Round "11"]
[White "Ganiev, Takhir"]
[Black "Shakhmatov, Vyacheslav"]
[Result "1-0"]
[WhiteElo "1981"]
[BlackElo "2145"]
[PlyCount "78"]
[EventDate "2007.11.??"]
[EventType "swiss"]
[EventRounds "11"]
[EventCountry "RUS"]
[SourceTitle "CBM 121 Extra"]
[Source "ChessBase"]
[SourceDate "2008.01.10"]
[SourceVersion "1"]
[SourceVersionDate "2008.01.10"]
[SourceQuality "1"]

1. Nf3 d5 2. d4 Nf6 3. e3 e6 4. Bd3 c5 5. c3 Nc6 6. 0-0 Qc7 7. Qe2 Be7 8. e4 dxe4 9. Bxe4 Nxe4 10. Qxe4 cxd4 11. Nxd4 Nxd4 12. Qxd4 0-0 13. Bf4 Qc6 14. Nd2 Bd7 15. Rad1 Rfd8 16. Qc4 Qxc4 17. Nxc4 Bb5 18. b3 Bxc4 19. bxc4 Rxd1 20. Rxd1 Rd8 21. Rxd8+ Bxd8 22. Kf1 Ba5 23. Bd2 Kf8 24. Ke2 Ke7 25. Kd3 Kd6 26. Be3 a6 27. c5+ Kd5 28. c4+ Kc6 29. a3 Bd8 30. Bd4 f6 31. f4 Be7 32. g4 Bxc5 33. Bxc5 Kxc5 34. h4 b5 35. cxb5 axb5 36. Kc3 e5 37. f5 e4 38. g5 h5 39. gxf6 gxf6 1-0